Statistics for Jewish Holidays and fastdays

Click here to take the quiz!

General Stats

  • This quiz has been taken 328 times
    (309 since last reset)
  • The average score is 8 of 20

Answer Stats

HintAnswer% Correct
Major Fast Day (Also name of an Israeli war)Yom Kippur/Day of Atonement/יום כיפור
93%
Festival of the Exodus from EgyptPesach/Passover/פסח
91%
Apples dipped in honey and Shana TovaRosh Hashana/Jewish New Years Day/ראש השנה
84%
Megilat Esther/Jewish CarnivalPurim/פורים
75%
Jewish Festival at the end of the secular yearChanuka/חנוכה
69%
Festival with booths and 4 speciesSuccot/Tabernacles/סוכות
62%
Remembrance of what happened in Europe 1930's-1945Holocaust Memorial Day/Yom HaShoah/יום השואה
57%
Festival of the Giving of TorahShavuot/Pentecost/שבועות
38%
Arbor DayTu B'Shvat/ט"ו בשבט
38%
Remembrance of the fallen soldiers of IsraelYom HaZikaron/יום הזיכרון
37%
The founding of the State of IsraelYom Ha'Atzmaut/יום העצמאות
36%
Fast Day to commemorate the destruction of the Temples, etc.Tisha B'Av/תישע בעב
34%
Fast Day before the festival followingTaanit Esther/תענית אסתר
23%
Unification of the Holy CityYom Yerushaliyim/יום ירושלים
19%
Jewish 'Valentines' DayTu B'Av/ט"ו בעב
17%
Fast to commemorate the slaying of a Jewish GovernorTzom Gedaliyah/צום גדליה
16%
Megilat Esther/Jewish Carnival in walled citiesShushan Purim/שושן פורים
15%
Fast Day for certain males before the festival followingTzom Bechorot/Fast of the Firstborn/צום בכורות
10%
Fast Day10th of Tevet/עשרה בטבת
6%
Fast Day to commemorate the Golden Calf, etc.17th of Tamuz/שבע עשרה בתמוז
4%

Score Distribution

Percentile by Number Answered

Percent of People with Each Score

Your Score History

You have not taken this quiz since the last reset